000 00425nam a2200157Ia 4500
008 240729s9999 xx 000 0 und d
022 _a2458-8350
245 0 _aJournal of Learning and Teaching in Digital Age
260 _aTürkiye
260 _bJOLTIDA
650 _a Education (General)
650 _aEducation
856 _uhttps://doaj.org/toc/0acd510552d34bffa623ff99e4c37099
942 _2ddc
942 _cDOAJEJ
999 _c66576
_d66576
945 _a1
_bMadushi Gamage
_c1
_dMadushi Gamage